Culture and Creative Industry. Potential and Growth, Innovation, Sustainability

Cieľom príspevku je informatívnym a prehľadným spôsobom zhrnúť kľúčové dokumenty o kultúrnom a kreatívnom priemysle vo vzťahu k vývoju spoločnosti. Inovatívne a interdisciplinárne reakcie na globálne a lokálne výzvy, či už ekonomické alebo sociálne, sú zrkadlom potenciálu, rastu a kreativity kreatív...

Full description

Saved in:
Bibliographic Details
Main Author: Tarišková, Natália, 1973-
Format: Book Chapter
Language:English
Subjects:
Tags: Add Tag
No Tags, Be the first to tag this record!

MARC

LEADER 00000naa$a2200000$$$4500
001 0298698
005 20240502074531.4
041 0 |a eng 
044 |a SK 
245 1 0 |a Culture and Creative Industry. Potential and Growth, Innovation, Sustainability  |c Natália Tarišková 
520 |a Cieľom príspevku je informatívnym a prehľadným spôsobom zhrnúť kľúčové dokumenty o kultúrnom a kreatívnom priemysle vo vzťahu k vývoju spoločnosti. Inovatívne a interdisciplinárne reakcie na globálne a lokálne výzvy, či už ekonomické alebo sociálne, sú zrkadlom potenciálu, rastu a kreativity kreatívnej spoločnosti, čo predstavuje dosiahnutie určitého stupňa vyspelosti krajiny v technologickom, sociálnom a kultúrnom prostredí, ktoré ovplyvňuje ekonomický rast. Prepojenie kreatívneho sveta so svetom technológií, výroby alebo výskumu je budúcnosťou ich udržateľného rozvoja. 
610 2 0 |a priemysel kreatívny 
610 2 0 |a priemysel kultúrny 
610 2 0 |a kultúra 
610 2 0 |a inovácia 
610 2 0 |a udržateľnosť 
610 2 0 |a rast hospodársky 
610 2 0 |a rozvoj trvalo udržateľný 
100 1 |a Tarišková, Natália, 1973-